Index IN05 v priemyselných podnikoch na východnom Slovensku
V podniku existujú dve skupiny ľudí, ktorí majú záujem na tom, aby poznali finančné zdravie podniku. Tieto dve skupiny tvoria na jednej strane vlastníci a investori, ktorí hodnotia podnik podľa jeho bonity. Na druhej strane túto skupinu tvoria veritelia a dodávatelia, ktorí hodnotia podnik predovšet...
Enregistré dans:
| Auteur principal: | |
|---|---|
| Autres auteurs: | |
| Format: | Chapitre de livre |
| Langue: | slovaque |
| Sujets: | |
| Tags: |
Pas de tags, Soyez le premier à ajouter un tag!
|
MARC
| LEADER | 00000naa a2200000 4500 | ||
|---|---|---|---|
| 001 | 0152733 | ||
| 005 | 20220718112955.4 | ||
| 041 | 0 | |a slo | |
| 044 | |a CZ | ||
| 245 | 1 | 0 | |a Index IN05 v priemyselných podnikoch na východnom Slovensku |c Daniela Diheneščiková, Štefan Hičák |
| 520 | |a V podniku existujú dve skupiny ľudí, ktorí majú záujem na tom, aby poznali finančné zdravie podniku. Tieto dve skupiny tvoria na jednej strane vlastníci a investori, ktorí hodnotia podnik podľa jeho bonity. Na druhej strane túto skupinu tvoria veritelia a dodávatelia, ktorí hodnotia podnik predovšetkým podľa jeho platobnej schopnosti. Práve na posúdenie tohto stavu slúžia bonitné a bankrotné modely. Súčasťou takýchto modelov sú okrem iných aj rodina indexov IN (IN95, IN99, IN01, IN05), ktorých autormi sú Inka a Ivan Neumaierovi. Tieto indexy umožňujú stanoviť s určitou pravdepodobnosťou na základe výpočtu niekoľkých ukazovateľov z údajov účtovných závierok, či patrí podnik medzi bonitné alebo bankrotné, či je schopný tvoriť hodnotu pre svojich vlastníkov alebo nie. | ||
| 610 | 2 | 0 | |a diagnostika podniková |
| 610 | 2 | 0 | |a podnik priemyselný |
| 610 | 2 | 0 | |a solventnosť |
| 610 | 2 | 0 | |a Slovensko |
| 610 | 2 | 0 | |a hodnota podniku |
| 610 | 2 | 0 | |a indexy |
| 610 | 2 | 0 | |a výkony podnikové |
| 610 | 2 | 0 | |a výkonnosť |
| 100 | 1 | |a Diheneščiková, Daniela | |
| 700 | 1 | |a Hičák, Štefan, 1983- | |